| 000 | 01434nam0a22003251 4500 | ||
|---|---|---|---|
| 001 | rc\4019428 | ||
| 005 | 20250930111005.0 | ||
| 021 |
_aRU _b[50-32433] |
||
| 035 | _a(NLR Aleph) 007948932 | ||
| 090 |
_a8326747 _c8326747 |
||
| 100 | _a20130415d1950 |||y0rusy50 ca | ||
| 101 | 0 |
_arus _adan |
|
| 102 | _aRU | ||
| 105 | _ay e ||||| | ||
| 200 | 1 |
_aДатско-русский словарь _fСост. Н.И. Крымова и А.Я. Эмзина _gС прил. Краткого грамматического очерка датского языка, сост. М.А. Дарской _gОтв. ред. Э.А. Макаев |
|
| 210 |
_aМосква _cГос. изд-во иностр. и нац. словарей _d1950 _g16-я тип. Союзполиграфпрома |
||
| 215 |
_a804 с. _d21 |
||
| 300 | _aНа переплете сост. не указаны | ||
| 320 | _aБиблиогр.: с. 4 (12 назв.) | ||
| 464 | 0 |
_12001#$aКраткий грамматический очерк датского языка _1700#1$aДарская$bМ.А.$4220 |
|
| 700 | 1 |
_aКрымова _bН. И. _gНина Ильинична _4220 |
|
| 701 | 1 |
_aЭмзина _bА. Я. _gАнна Яковлевна _4220 |
|
| 702 | 1 |
_aМакаев _bЭ. А. _4340 |
|
| 801 | 0 |
_aRU _bNLR _gpsbo |
|
| 801 | 1 |
_aRU _bELAR _2rusmarc |
|
| 852 |
_aNLR _j186дат-рус/К-85 |
||
| 852 |
_aNLR _jКрI/3535 |
||
| 942 | _cBOOK | ||
| 980 | _aNB | ||